000
00221nam a22000857a 4500
008
160909b xxu||||| |||| 00| 0 eng d
100
_9
343
_a
Mishra A
245
_a
Basic Science-8
260
_a
New Delhi
_b
Bharati publication
_c
2008
999
_c
3003
_d
3003